Hayata dair (Record no. 200041898)

MARC details
000 -LEADER
fixed length control field 00856 a2200301 4500
001 - CONTROL NUMBER
control field 200041898
003 - CONTROL NUMBER IDENTIFIER
control field TR-AnTOB
005 - DATE AND TIME OF LATEST TRANSACTION
control field 20250620074104.0
008 - FIXED-LENGTH DATA ELEMENTS--GENERAL INFORMATION
fixed length control field 160622s2009 tu 000 0 d
020 ## - INTERNATIONAL STANDARD BOOK NUMBER
International Standard Book Number 9759672618 (v.2)
040 ## - CATALOGING SOURCE
Original cataloging agency TR-AnTOB
041 0# - LANGUAGE CODE
Language code of text/sound track or separate title Türkçe
050 14 - LIBRARY OF CONGRESS CALL NUMBER
Classification number PL240
Item number .H39 2009
090 ## - LOCALLY ASSIGNED LC-TYPE CALL NUMBER (OCLC); LOCAL CALL NUMBER (RLIN)
Classification number (OCLC) (R) ; Classification number, CALL (RLIN) (NR) PL240 .H39 2009
245 00 - TITLE STATEMENT
Title Hayata dair
264 #1 - PRODUCTION, PUBLICATION, DISTRIBUTION, MANUFACTURE, AND COPYRIGHT NOTICE
Place of production, publication, distribution, manufacture Ankara :
Name of producer, publisher, distributor, manufacturer Ostim Vakfı,
Date of production, publication, distribution, manufacture, or copyright notice 2009.
300 ## - PHYSICAL DESCRIPTION
Extent v. ;
Dimensions 16 cm.
336 ## - CONTENT TYPE
Content type term text
Source rdacontent
337 ## - MEDIA TYPE
Media type term unmediated
Source rdamedia
338 ## - CARRIER TYPE
Carrier type term volume
Source rdacarrier
490 0# - SERIES STATEMENT
Series statement Ostim Vakfı Yayınları.
500 ## - GENERAL NOTE
General note Hayata Yön Veren Hikayeler v.1 -- Hayata Dair v.2
650 00 - SUBJECT ADDED ENTRY--TOPICAL TERM
Topical term or geographic name entry element Short stories, Turkish
9 (RLIN) 31731
Topical term or geographic name entry element Kısa hikayeler, Türk
Source of heading or term etuturkob
9 (RLIN) 48475
856 40 - ELECTRONIC LOCATION AND ACCESS
Uniform Resource Identifier <a href="http://www.ostim.org.tr/galeri/hayatadair/default.html">http://www.ostim.org.tr/galeri/hayatadair/default.html</a>
942 ## - ADDED ENTRY ELEMENTS (KOHA)
Koha item type Book
Holdings
Withdrawn status Lost status Source of classification or shelving scheme Not for loan Collection code Home library Current library Shelving location Date acquired Source of acquisition Cost, normal purchase price Serial Enumeration / chronology Inventory number Total Checkouts Total Holds Full call number Barcode Copy number Cost, replacement price Date shelved Koha item type Date last seen Date last checked out
      Ödünç Verilebilir / Available Genel Koleksiyon Merkez Kütüphane Merkez Kütüphane Genel Koleksiyon / Main Collection 12/07/2011 Bağış / Donation 0.00 1 TDE     PL240 .H39 2009 0035617 1 0.01   Book    
      Ödünç Verilebilir / Available Genel Koleksiyon Merkez Kütüphane Merkez Kütüphane Genel Koleksiyon / Main Collection 07/07/2012 Bağış / Donation 0.00 2 TDE     PL240 .H39 2009 0035616 1 0.01   Book    
      Ödünç Verilebilir / Available Genel Koleksiyon Merkez Kütüphane Merkez Kütüphane Genel Koleksiyon / Main Collection 05/08/2015 Bağış / Donation 0.00 1 TDE     PL240 .H39 2009 0047627 2 0.00 16/06/2015 Book    
      Ödünç Verilebilir / Available Genel Koleksiyon Merkez Kütüphane Merkez Kütüphane Genel Koleksiyon / Main Collection 05/08/2015 Bağış / Donation 0.00 2 TDE     PL240 .H39 2009 0047628 2 0.00 16/06/2015 Book    
      Ödünç Verilebilir / Available Genel Koleksiyon Merkez Kütüphane Merkez Kütüphane Genel Koleksiyon / Main Collection 05/08/2015 Bağış / Donation 0.00 3 TDE 1   PL240 .H39 2009 0047626 1 0.00 16/06/2015 Book 27/09/2018 24/09/2018
      Ödünç Verilebilir / Available Genel Koleksiyon Merkez Kütüphane Merkez Kütüphane Genel Koleksiyon / Main Collection 22/06/2016 Bağış / Donation 0.01 2 TDE     PL240 .H39 2009 0051400 2 0.01   Book    
Devinim Yazılım Eğitim Danışmanlık tarafından Koha'nın orjinal sürümü uyarlanarak geliştirilip kurulmuştur.